Представление документа в формате MARC21

ПолеНазваниеЗначение
  Тип записи a
  Библиографический уровень m
001 Контрольный номер RU\infra-m\znanium\bibl\2225232
005 Дата корректировки 20260429142215.1
008 Кодируемые данные 250911s2025 RU g rus u
020 Индекс ISBN __
a ISBN 978-5-16-013901-2
020 Индекс ISBN __
a ISBN 978-5-16-108878-4 (электр. издание)
040 Источник каталогиз. __
a Служба первич. каталог. Общество с ограниченной ответственностью «ЗНАНИУМ»
041 Код языка издания __
a Код языка текста rus
044 Код страны публикации __
a Код страны публикации RU
080 Индекс УДК __
a Индекс УДК 628(075.32)
084 Индекс другой классификации/Индекс ББК __
2 Источник индекса rubbk
a Индекс другой классификации/Индекс ББК 38.761.1я723
084 Индекс другой классификации/Индекс ББК __
2 Источник индекса okso
a Индекс другой классификации/Индекс ББК 08.02.04
084 Индекс другой классификации/Индекс ББК __
2 Источник индекса okso
a Индекс другой классификации/Индекс ББК 13.02.02
084 Индекс другой классификации/Индекс ББК __
2 Источник индекса okso
a Индекс другой классификации/Индекс ББК 18.01.27
084 Индекс другой классификации/Индекс ББК __
2 Источник индекса okso
a Индекс другой классификации/Индекс ББК 19.01.01
100 Автор __
a Автор Орлов В.А.
q Полное имя Орлов Владимир Александрович
u Дополнение Национальный исследовательский Московский государственный строительный университет
245 Заглавие __
a Заглавие Водоснабжение
b Продолж. заглавия Учебник
c Ответственность Национальный исследовательский Московский государственный строительный университет; Российский государственный аграрный университет - МСХА им. К.А. Тимирязева
250 Сведения об издании __
a Основные сведения об издании 1
260 Выходные данные __
a Место издания Москва
b Издательство ООО "Научно-издательский центр ИНФРА-М"
c Дата издания 2026
300 Физическое описание __
a Объем 443 с.
440 Серия __
a Серия Среднее профессиональное образование
520 Аннотация __
a Аннотация Приведены сведения о системах и сооружениях предназначенных для забора воды из природных источников ее очистки хранения и транспортировки потребителям по трубопроводным сетям. Рассмотрены основные методы расчета сооружений систем водоснабжения технологические схемы процессов очистки и обеззараживания воды вопросы технической эксплуатации сетей и сооружений обеспечивающие их надежную работу. Систематизирован и адаптирован передовой отечественный и зарубежный опыт по строительству эксплуатации и ремонту сооружений систем водоснабжения. Отражены вопросы применения инновационных технологий. Для студентов учреждений среднего профессионального образования по направлению подготовки 08.02.04 «Водоснабжение и водоотведение».
521 Примеч. о цел. назн. __
a Примеч. о целев. назн. Среднее профессиональное образование
650 Тематические рубрики __
a Основная рубрика Строительство
x Основная подрубрика Водоснабжение и канализация
655 Указ. предметных рубрик (устаревшее) __
a Жанр/ форма (устаревшее) Учебник
700 Другие авторы __
a Другие авторы Квитка Л. А.
q Полное имя Квитка Лиана Андреевна
u Дополнение Российский государственный аграрный университет - МСХА им. К.А. Тимирязева
856 Электронный адрес документа 4_
a Имя сервера/домена znanium.ru
m Помощь ebs_support@infra-m.ru
n Местонахождение сервера НИЦ ИНФРА-М
u URL https://znanium.ru/catalog/document?id=469389
856 Электронный адрес документа 48
a Имя сервера/домена znanium.ru
d Путь /cover/2225
f Электронное имя 2225232.jpg
q Тип электронного формата image/jpeg
u URL https://znanium.ru/cover/2225/2225232.jpg
911 __
u 0030=https://znanium.ru/catalog/document?id=469389
911 __
u 712a=Российский государственный аграрный университет - МСХА им. К.А. Тимирязева